[Event "SVK-chT2A 2122"]
[Site "Slovakia"]
[Date "2022.04.30"]
[Round "10.8"]
[White "Juhaniak, Lubomir"]
[Black "Cibik, Jan"]
[Result "1/2-1/2"]
[WhiteElo "1769"]
[BlackElo "1891"]
[PlyCount "32"]
[EventDate "2021.10.16"]
[EventType "team-tourn"]
[EventRounds "11"]
[EventCountry "SVK"]
[SourceTitle "EXT 2023"]
[Source "ChessBase"]
[SourceDate "2022.10.05"]
[SourceVersion "1"]
[SourceVersionDate "2022.10.05"]
[SourceQuality "1"]
[WhiteTeam "Krasnany"]
[BlackTeam "Senec"]
[WhiteTeamCountry "SVK"]
[BlackTeamCountry "SVK"]

1. d4 d5 2. c4 c6 3. cxd5 cxd5 4. Nc3 Nf6 5. Nf3 e6 6. Bg5 Be7 7. e3 h6 8. Bh4 0-0 9. Bd3 b6 10. 0-0 Ba6 11. Ne5 Bxd3 12. Qxd3 Nfd7 13. Nxd7 Nxd7 14. Bg3 Nf6 15. Rac1 Qd7 16. h3 Rfc8 1/2-1/2

[Event "SVK-chT2A 2122"]
[Site "Slovakia"]
[Date "2022.02.12"]
[Round "7.2"]
[White "Cibik, Jan"]
[Black "Kovacocy, Pavol"]
[Result "0-1"]
[WhiteElo "1896"]
[BlackElo "2272"]
[PlyCount "80"]
[EventDate "2021.10.16"]
[EventType "team-tourn"]
[EventRounds "11"]
[EventCountry "SVK"]
[SourceTitle "EXT 2023"]
[Source "ChessBase"]
[SourceDate "2022.10.05"]
[SourceVersion "1"]
[SourceVersionDate "2022.10.05"]
[SourceQuality "1"]
[WhiteTeam "Senec"]
[BlackTeam "Cífer"]
[WhiteTeamCountry "SVK"]
[BlackTeamCountry "SVK"]

1. e4 c5 2. Nf3 g6 3. Bc4 Bg7 4. c3 e6 5. d4 cxd4 6. cxd4 Ne7 7. 0-0 0-0 8. Nc3 d5 9. exd5 Nxd5 10. Bxd5 exd5 11. Qb3 Nc6 12. Bg5 Qd6 13. Rfe1 Bg4 14. Ne2 Rfe8 15. Bf4 Qd7 16. Rad1 Re4 17. Kf1 Rae8 18. Ne5 Bxe5 19. Bxe5 Bxe2+ 20. Rxe2 Rxe2 21. Kxe2 f6 22. f4 fxe5 23. fxe5 Qg4+ 24. Kf1 Rf8+ 25. Kg1 Rf7 26. h3 Qe4 27. Kh1 Kg7 28. Qc3 h5 29. b4 h4 30. b5 Rf2 31. Rg1 Qxd4 32. Qb3 Nxe5 33. Rd1 Qe4 34. Rg1 Nd3 35. a4 Re2 36. Qc3+ d4 37. Qc7+ Kh6 38. Qd6 Qf4 39. Qxf4+ Nxf4 40. Rf1 Kg5 0-1

[Event "SVK-chT2A 1920"]
[Site "Slovakia"]
[Date "2020.02.16"]
[Round "9.5"]
[White "Cibik, Jan"]
[Black "Podjavorinsky, Michal"]
[Result "0-1"]
[WhiteElo "1892"]
[BlackElo "1997"]
[PlyCount "64"]
[EventDate "2019.10.26"]
[EventType "team-tourn"]
[EventRounds "11"]
[EventCountry "SVK"]
[SourceTitle "CBM 195 Extra"]
[Source "ChessBase"]
[SourceDate "2020.05.31"]
[SourceVersion "1"]
[SourceVersionDate "2020.05.31"]
[SourceQuality "1"]
[WhiteTeam "Senec"]
[BlackTeam "Piestany Kupele"]
[WhiteTeamCountry "SVK"]
[BlackTeamCountry "SVK"]

1. d4 d5 2. Bf4 Nf6 3. e3 Bf5 4. c4 e6 5. Nc3 c6 6. Qb3 Qb6 7. c5 Qxb3 8. axb3 Nbd7 9. b4 Be7 10. h3 0-0 11. b5 Ne4 12. bxc6 bxc6 13. Ba6 e5 14. Bh2 Rfb8 15. f3 Nxc3 16. bxc3 Rb2 17. Ne2 Nb8 18. g4 Bc2 19. Bc8 Bd3 20. Nc1 Bh4+ 21. Kd1 Bc2+ 22. Kd2 Be4+ 23. Kd1 Bxf3+ 24. Ne2 Bxh1 25. Bxe5 a5 26. Nf4 Be4 27. Kc1 Rc2+ 28. Kd1 a4 29. Ra3 Bf2 30. Nh5 Bxe3 31. c4 Bc1 32. Rg3 a3 0-1

[Event "SVK-chT2A 1617"]
[Site "Slovakia"]
[Date "2017.02.11"]
[Round "8.7"]
[White "Harastova, Viera"]
[Black "Cibik, Jan"]
[Result "1/2-1/2"]
[WhiteElo "1871"]
[BlackElo "1841"]
[PlyCount "44"]
[EventDate "2016.10.08"]
[EventType "team-tourn"]
[EventRounds "11"]
[EventCountry "SVK"]
[SourceTitle "EXT 2018"]
[Source "ChessBase"]
[SourceDate "2017.10.13"]
[SourceVersion "1"]
[SourceVersionDate "2017.10.13"]
[SourceQuality "1"]
[WhiteTeam "Skalica"]
[BlackTeam "Senec"]
[WhiteTeamCountry "SVK"]
[BlackTeamCountry "SVK"]

1. d4 d5 2. c4 c6 3. cxd5 cxd5 4. Nf3 Nf6 5. Bf4 e6 6. e3 Bd6 7. Bxd6 Qxd6 8. Nc3 a6 9. Rc1 0-0 10. Bd3 Nc6 11. a3 e5 12. dxe5 Nxe5 13. Nxe5 Qxe5 14. 0-0 Ng4 15. g3 Be6 16. Be2 Nf6 17. Bf3 Rac8 18. Qd4 Qxd4 19. exd4 Rc4 20. Ne2 Rfc8 21. Rxc4 Rxc4 22. Rc1 b5 1/2-1/2